000 00638cam a22001814a 4500
005 20250605164348.0
008 250528s ||||||||||||||||||||||||d
035 _a24041
040 _aGR-AtMCL
_bgre
_dGR-AtMCL
_eAACR2
245 1 _aApp, App, and Away
260 _bInternational Airport Review,
_c2019
300 _a72
520 _aIs Noise Mitigration at the Centre of Your Airport's Strategy?, Aviation Stakeholders Must Work Together to Stop Human Trafficking, First-of-Its-Kind Autonomous Robot Deployed to Transport Baggage.
700 1 _aSamsunlu Kadri
_99370
942 _cCR
999 _c8942
_d8942